Eros y logos: amor, sexualidad y cultura en el desarrollo del espíritu humano

Guardat en:
Dades bibliogràfiques
Autor principal: Imbasciati, Antonio (Autor)
Format: Llibre
Idioma:espanyol
Publicat: Barcelona Herder 1981
Col·lecció:Colección Biblioteca de Psicología, 74
Matèries:
Etiquetes: Afegir etiqueta
Sense etiquetes, Sigues el primer a etiquetar aquest registre!

MARC

LEADER 00000nam a2200000 a 4500
001 UCQ8192
003 CL-VaPUC
005 20231219164302.0
008 981127e19810000SP |||||||||||||||||spa|d
999 |c 277484  |d 277482 
040 |c Pontificia Universidad Católica de Valparaíso 
082 0 4 |a 155.32  |b IMB  |2 21 
100 0 |a Imbasciati, Antonio  |e author  |9 422022 
245 1 0 |a Eros y logos: amor, sexualidad y cultura en el desarrollo del espíritu humano 
260 |a Barcelona  |b Herder  |c 1981 
300 |a 99 p 
490 0 |a Colección Biblioteca de Psicología, 74 
583 |a last modification  |c 19981127 00:00:00  |k Rodrigo Vera 
600 0 |a Freud, Sigmund  |e author   |9 307892 
600 0 7 |a Klein, Melanie  |d 1882-1960  |9 859582 
650 0 |a Psicología   |9 257863 
650 0 |a Amor  |9 257817 
650 0 |a Sexualidad  |9 358183 
650 0 |a Sexo  |9 257818 
650 0 |a Personalidad   |9 307255 
650 7 |a PLACER  |2 CL-VaPUC  |9 321616 
650 0 |a Psicoanálisis   |9 265702 
650 0 |a Cultura  |9 269059 
852 |a BIBCUR 
942 |c BK  |2 ddc 
945 |d 19981127 00:00:00  |a aarredon 
952 |0 0  |1 0  |4 0  |6 155_320000000000000_IMB_1981  |7 0  |8 P  |9 315429  |a BIBARQ  |b BIBARQ  |d 2019-11-20  |i 3484157  |o 155.32 IMB 1981  |p 3484157  |r 2025-01-20  |w 2019-11-20  |y BK  |k ARQ